Statistics for Best Selling Video Games of All Time

Click here to take the quiz!

General Stats

  • This quiz has been taken 241 times
  • The average score is 12 of 35

Answer Stats

Units SoldGameDeveloper% Correct
58+ MillionSuper Mario Bros.Nintendo
92%
220+ MillionMinecraftMojang
90%
150+ MillionGrand Theft Auto: VRockstar
69%
25+ MillionGrand Theft Auto: VIRockstar
57%
30+ MillionCall of Duty: Black Ops ITreyarch
54%
140+ MillionTetrisVarious
54%
30+ MillionCall of Duty: Modern Warfare (2019)Infinity Ward
52%
40+ MillionRed Dead Redemption 2Rockstar
51%
28+ MillionGrand Theft Auto: San AndreasRockstar
49%
29+ MillionCall of Duty: Black Ops IITreyarch
45%
26+ MillionLegend of Zelda: Breath of the WildNintendo
44%
45+ MillionPokemon Red / Blue / GreenGamefreak
44%
80+ MillionWii SportsNIntendo
44%
30+ MillionThe Elder Scrolls: SkyrimBethesda
43%
25+ MillionSuper Smash Bros: UltimateVarious
39%
22+ MillionCall of Duty: Modern Warfare 2Infinity Ward
36%
45+ MillionMario Kart 8 / DeluxeNintendo
34%
30+ MIllionThe Witcher 3CD Projekt RED
34%
42+ MillionPac ManNamco
33%
26+ MIllionCall of Duty: Modern Warfare 3Infinity Ward
29%
35+ MillionAnimal Crossing: New HorizonsNintendo
28%
29+ MillionPokemon Gold / Silver / CrystalGamefreak
27%
36+ MillionMario Kart WiiNintendo
22%
24+ MillionPokemon Diamond / Pearl / PlatinumGamefreak
22%
24+ MillionFIFA 18EA
21%
34+ MillionWii Sports ResortNintendo
20%
70+ MillionPlayerUnknown's BattlegroundsKrafton
19%
30+ MillionNew Super Mario Bros. (Wii)Nintendo
18%
27+ MIllionSuper Mario WorldNintendo
18%
43+ MillionWii Fit / PlusNintendo
18%
35+ MillionTerrariaRe-Logic
16%
28+ MIllionDuck HuntNintendo
10%
30+ MillionDiablo III / Reaper of SoulsBlizzard
7%
30+ MillionNew Super Mario Bros. (DS)Nintendo
6%
30+ MillionHuman: Fall FlatNo Brakes
4%

Score Distribution

Percentile by Number Answered

Percent of People with Each Score

Your Score History

You have not taken this quiz